|
|
|
|
| LEADER |
00899cam a2200241 a 4500 |
| 001 |
c000289322 |
| 003 |
CARM |
| 005 |
20081201090938.0 |
| 008 |
900502s1851 nyuaf 000 0 eng d |
| 019 |
1 |
|
|a 7689387
|5 LACONCORD2021
|
| 035 |
|
|
|a (OCoLC)727252
|5 LACONCORD2021
|
| 040 |
|
|
|a QSL
|b eng
|c QSL
|d VCAV
|
| 082 |
0 |
4 |
|a 723.45
|
| 100 |
1 |
|
|a Ruskin, John,
|d 1819-1900.
|
| 245 |
1 |
4 |
|a The stones of Venice /
|c by John Ruskin.
|
| 260 |
|
|
|a New York :
|b J. W. Lovell,
|c <1851>.
|
| 300 |
|
|
|a 3 v. :
|b ill. ;
|c 18 cm.
|
| 500 |
|
|
|a Includes indexes.
|
| 505 |
0 |
|
|a v. 1. The foundations - v.2. The sea-stories - v. 3. The fall.
|
| 650 |
|
0 |
|a Architecture
|z Italy
|z Venice.
|
| 852 |
8 |
|
|b CARM
|h A3:AD07A0
|i B11057
|p 0518838
|f BK
|
| 999 |
f |
f |
|i b38f005b-b2a9-552c-a6a1-385a08e87906
|s da714700-99db-571e-ac81-38ac7a28cbc1
|
| 952 |
f |
f |
|p Can circulate
|a CAVAL
|b CAVAL
|c CAVAL
|d CARM 1 Store
|e B11057
|f A3:AD07A0
|h Other scheme
|i book
|j v.1
|m 0518838
|